000 00807nam a2200265Ia 4500
005 20260121170526.0
008 008 260114s9999 xx 000 0 eng d
020 _a9783319903910
037 _aEBOOK
040 _aCRL
040 _beng
040 _cCRL
041 _2eng
041 _aeng
084 _qCRL
100 _aSaeid Kadkhodaei, Farahnaz Sadat Golestan Hashemi, Morvarid Akhavan Rezaei, Sahar Abbasiliasi, Joo Shun Tan, Hamid Rajabi Memari, Faruku Bande, Ali Baradaran, Mahdi Moradpour, Arbakariya B, Ariff
_91064962
245 0 _aCis/Transgene Optimization
260 _bSpringer
260 _bSpringer
260 _c2018
856 _uhttps://link.springer.com/openurl?genre=book&isbn=978-3-319-90391-0
942 _cEBOOK
999 _c1630692
_d1630692